00866nam a2200193 a 450000100100000000500170001000800410002704000250006808200150009310000510010824501220015926000570028130000380033849000240037670000520040083000310045295201720048399900170065500004579020201002052438.0150514s2007 dr a 000 0 spa d aDO-SdBNPbspacBNPHU axxxxbxxxx1 aLandestoy Duluc, Rafael Enrique,d1924-97387210aObras para piano : /cRafael Enrique Landestoy Duluc (Bullumba) ; presentación ; Margarita Cedeño de Fernández. aSanto Domingo :bDespacho de la Primera Dama,c2007. a168 p. :bil., música ;c30 cm.1 aEducación musical12aCedeño de Fernández, Margaritaepres.91331 0aEducación musical973873 0010718PDaPDbPDcCTd2015-05-14iLF1l0oxxxx xxxxp45790-10r2020-06-25w2020-06-25yLFPDzPerteneció a la biblioteca personal de Erick Landestoy.ZNo se presta c45279d45279